[Event "British Universities-ch"]
[Site "Leicester"]
[Date "2024.02.25"]
[Round "?"]
[White "Hedger, Alec"]
[Black "Clarke, James"]
[Result "0-1"]
[WhiteElo "1548"]
[BlackElo "1770"]
[PlyCount "30"]
[EventDate "2024.02.24"]
[EventType "team-swiss (rapid)"]
[EventRounds "9"]
[EventCountry "ENG"]
[SourceTitle "CB11_2024"]
[SourceDate "2024.03.13"]
[SourceVersion "1"]
[SourceVersionDate "2024.03.13"]
[SourceQuality "1"]
[WhiteTeam "UCL"]
[BlackTeam "Bristol"]
[WhiteTeamCountry "ENG"]
[BlackTeamCountry "ENG"]

1. e4 c5 2. d4 cxd4 3. c3 dxc3 4. Nxc3 Nc6 5. Nf3 e6 6. Bc4 a6 7. 0-0 Nge7 8. Bg5 Qa5 9. Qe2 Nd4 10. Nxd4 Qxg5 11. f4 Qc5 12. Rad1 Nc6 13. Qd3 Nxd4 14. Qxd4 Qxd4+ 15. Rxd4 Bc5 0-1

[Event "British Universities-ch"]
[Site "Leicester"]
[Date "2024.02.24"]
[Round "?"]
[White "Petr, Jan1"]
[Black "Clarke, James"]
[Result "1-0"]
[WhiteElo "2182"]
[BlackElo "1770"]
[PlyCount "105"]
[EventDate "2024.02.24"]
[EventType "team-swiss (rapid)"]
[EventRounds "9"]
[EventCountry "ENG"]
[SourceTitle "CB11_2024"]
[SourceDate "2024.03.13"]
[SourceVersion "1"]
[SourceVersionDate "2024.03.13"]
[SourceQuality "1"]
[WhiteTeam "Cambridge"]
[BlackTeam "Bristol"]
[WhiteTeamCountry "ENG"]
[BlackTeamCountry "ENG"]

1. e4 c5 2. Nf3 d6 3. d4 cxd4 4. Qxd4 Nc6 5. Bb5 a6 6. Bxc6+ bxc6 7. Nc3 e5 8. Qd3 Ne7 9. Be3 Ng6 10. 0-0-0 Be7 11. Nd2 0-0 12. Nc4 Qc7 13. g3 Bg4 14. f3 Be6 15. Nxd6 Rfd8 16. Bc5 Qa5 17. Qe3 Rab8 18. a3 h6 19. h4 Nf8 20. Rd3 Nd7 21. Nb7 Rxb7 22. Bxe7 Rdb8 23. Bb4 Rxb4 24. axb4 Qa1+ 25. Nb1 Ba2 26. Kd2 Nb6 27. b3 Bxb3 28. cxb3 Qb2+ 29. Ke1 Qxb1+ 30. Rd1 Qb2 31. Rf1 Qa3 32. Rf2 Qxb4+ 33. Rfd2 Kh7 34. Kf2 a5 35. Rc2 Rc8 36. Rd3 c5 37. Rdc3 c4 38. bxc4 Rxc4 39. Rxc4 Nxc4 40. Qc3 Qb6+ 41. Ke2 Nd6 42. Qxe5 f6 43. Qc5 Qa6+ 44. Kf2 Nf7 45. Qf5+ g6 46. Qd7 Qb6+ 47. Kg2 Kg7 48. Rc7 Qb3 49. Qd5 Qxd5 50. exd5 a4 51. Ra7 Kf8 52. Rxa4 Ne5 53. Ra7 1-0

[Event "Prague Summer op-A 10th"]
[Site "Prague"]
[Date "2023.08.07"]
[Round "5"]
[White "Clarke, James"]
[Black "Netusil, Miloslav"]
[Result "0-1"]
[WhiteElo "1695"]
[BlackElo "2159"]
[PlyCount "82"]
[EventDate "2023.08.04"]
[EventType "swiss"]
[EventRounds "9"]
[EventCountry "CZE"]
[SourceTitle "CBM 215 Extra"]
[Source "ChessBase"]
[SourceDate "2023.09.30"]
[SourceVersion "1"]
[SourceVersionDate "2023.09.30"]
[SourceQuality "1"]

1. e4 e6 2. d4 d5 3. e5 c5 4. c3 Qb6 5. Nf3 Bd7 6. Bd3 Bb5 7. dxc5 Bxc5 8. b4 Bf8 9. Be3 Qa6 10. Bc2 Nd7 11. a4 Bc4 12. Na3 Ne7 13. Nd4 Nxe5 14. Ndb5 Bxb5 15. Nxb5 Qc6 16. Bxa7 N7g6 17. 0-0 Be7 18. f4 Nd7 19. f5 exf5 20. Bd4 0-0 21. Rxf5 Rad8 22. Qd3 Bf6 23. Raf1 Rfe8 24. Qg3 Re2 25. Bxf6 Nxf6 26. Nd4 Qb6 27. a5 Qa7 28. Bd3 Re7 29. Rxf6 gxf6 30. h4 Qb8 31. Qg4 Re3 32. Bc2 Rxc3 33. Nf5 Rxc2 34. Qh5 Rxg2+ 35. Kxg2 Nf4+ 36. Rxf4 Qxf4 37. Nh6+ Kg7 38. Nf5+ Kh8 39. Nh6 Rc8 40. Nxf7+ Kg7 41. Nd6 Rc2+ 0-1

[Event "Daventry 4NCL op-A 30th"]
[Site "Daventry"]
[Date "2023.06.17"]
[Round "3"]
[White "Clarke, James"]
[Black "McKenna, Joshua"]
[Result "1-0"]
[WhiteElo "1674"]
[BlackElo "1642"]
[PlyCount "69"]
[EventDate "2023.06.16"]
[EventType "swiss"]
[EventRounds "5"]
[EventCountry "ENG"]
[SourceTitle "CBM 214 Extra"]
[Source "ChessBase"]
[SourceDate "2023.07.31"]
[SourceVersion "1"]
[SourceVersionDate "2023.07.31"]
[SourceQuality "1"]

1. e4 c6 2. d4 d5 3. e5 c5 4. Nf3 Bg4 5. dxc5 e6 6. b4 Nc6 7. Bb5 Nge7 8. Nbd2 a6 9. Ba4 b5 10. cxb6 Qxb6 11. c3 Ng6 12. h3 Bxf3 13. Nxf3 Be7 14. 0-0 0-0 15. Re1 Qc7 16. Qe2 d4 17. cxd4 Nxb4 18. Bd2 Nd5 19. Rec1 Qa7 20. Bc6 Rad8 21. Rab1 Rb8 22. Bxd5 exd5 23. a4 Nh4 24. Nxh4 Bxh4 25. Qg4 Rxb1 26. Rxb1 Qe7 27. g3 Bxg3 28. Qxg3 f6 29. e6 Qxe6 30. Rb7 Rf7 31. Qb8+ Rf8 32. Qc7 Rf7 33. Qxf7+ Qxf7 34. Rxf7 Kxf7 35. Ba5 1-0

[Event "Hull 4NCL op"]
[Site "Hull"]
[Date "2022.10.15"]
[Round "3"]
[White "Clarke, James"]
[Black "Milson, Samuel"]
[Result "0-1"]
[WhiteElo "1601"]
[BlackElo "2081"]
[PlyCount "96"]
[EventDate "2022.10.14"]
[EventType "swiss"]
[EventRounds "5"]
[EventCountry "ENG"]
[SourceTitle "CBM 210 Extra"]
[Source "ChessBase"]
[SourceDate "2022.11.30"]
[SourceVersion "1"]
[SourceVersionDate "2022.11.30"]
[SourceQuality "1"]

1. e4 e6 2. d4 d5 3. e5 c5 4. c3 Nc6 5. Nf3 Bd7 6. Be2 Nge7 7. 0-0 Nf5 8. dxc5 Bxc5 9. b4 Be7 10. Bd3 Nh4 11. Nbd2 Ng6 12. Re1 Qc7 13. Bxg6 hxg6 14. Nb3 Rh5 15. g4 Rh7 16. Bf4 f6 17. Nbd4 Nxe5 18. Nxe5 fxe5 19. Bxe5 Bd6 20. Qe2 0-0-0 21. Bxd6 Qxd6 22. Qe5 Qxe5 23. Rxe5 Rdh8 24. Nf3 Rh3 25. Re3 e5 26. Nxe5 Rxh2 27. Rae1 Bb5 28. Nf3 R2h3 29. Kg2 Bc6 30. Nd4 Rh2+ 31. Kf1 Bd7 32. Rg3 Rh1+ 33. Rg1 Rxg1+ 34. Kxg1 Bxg4 35. Re7 Rg8 36. Nb5 Bd7 37. Nd6+ Kd8 38. Rf7 b6 39. a4 a6 40. c4 Kc7 41. c5 bxc5 42. bxc5 Kc6 43. Nb7 Bc8 44. Na5+ Kxc5 45. Rf4 Bf5 46. Nb3+ Kd6 47. Rb4 Rc8 48. Nd4 Kc5 0-1

[Event "Leamington Spa 4NCL op 26th"]
[Site "Leamington Spa"]
[Date "2021.09.12"]
[Round "4"]
[White "Clarke, Brandon GI"]
[Black "Clarke, James"]
[Result "1-0"]
[WhiteElo "2429"]
[BlackElo "1497"]
[PlyCount "83"]
[EventDate "2021.09.10"]
[EventType "swiss"]
[EventRounds "5"]
[EventCountry "ENG"]
[SourceTitle "CBM 204 Extra"]
[Source "ChessBase"]
[SourceDate "2021.11.30"]
[SourceVersion "1"]
[SourceVersionDate "2021.11.30"]
[SourceQuality "1"]

1. e4 c5 2. Nf3 d6 3. d4 cxd4 4. Nxd4 Nf6 5. Nc3 a6 6. f3 e5 7. Nb3 Be6 8. Be3 h5 9. Qd2 Nbd7 10. 0-0-0 Be7 11. Kb1 Rc8 12. h3 b5 13. Bd3 h4 14. Rhe1 Nh5 15. Nd5 Bxd5 16. exd5 Nb6 17. Qa5 Nxd5 18. Bxb5+ Kf8 19. Qxd8+ Rxd8 20. Rxd5 Nf6 21. Bc4 Nxd5 22. Bxd5 Rh5 23. Na5 Bg5 24. Nc6 Rc8 25. Bb6 Bd2 26. Re2 Bf4 27. c4 g6 28. a4 Kg7 29. b4 Rg5 30. a5 Re8 31. Kc2 Rg3 32. b5 axb5 33. cxb5 e4 34. Bd4+ f6 35. Bxe4 d5 36. Bd3 Rxe2+ 37. Bxe2 Rxg2 38. Kd3 Be5 39. Nxe5 fxe5 40. Bxe5+ Kf7 41. b6 Rg1 42. b7 1-0

[Event "GBR-ch Soanes op 106th"]
[Site "Torquay"]
[Date "2019.07.26"]
[Round "1"]
[White "Clarke, James"]
[Black "Tassell, Hugh G"]
[Result "1/2-1/2"]
[WhiteElo "1444"]
[BlackElo "1657"]
[PlyCount "128"]
[EventDate "2019.07.26"]
[EventType "swiss"]
[EventRounds "5"]
[EventCountry "ENG"]
[SourceTitle "EXT 2021"]
[Source "ChessBase"]
[SourceDate "2020.10.23"]
[SourceVersion "1"]
[SourceVersionDate "2020.10.23"]
[SourceQuality "1"]

1. Nf3 d5 2. b3 Nf6 3. Bb2 e6 4. e3 Be7 5. c4 c6 6. Nc3 Nbd7 7. d4 0-0 8. Qc2 Re8 9. Be2 Bd6 10. cxd5 exd5 11. 0-0 Nf8 12. Rac1 Bd7 13. a3 Qc8 14. Qb1 Bf5 15. Qa2 Qd7 16. b4 a6 17. Na4 Rad8 18. Nc5 Qc8 19. a4 Qa8 20. Qb3 b5 21. a5 Ng6 22. Nd3 Be4 23. Nde5 Rc8 24. Rfd1 Qb7 25. Bd3 Bxd3 26. Nxd3 Ne4 27. Rc2 f6 28. Bc1 Ne7 29. Nd2 Nxd2 30. Bxd2 Nf5 31. Rdc1 Kh8 32. Be1 h5 33. Nc5 Bxc5 34. Rxc5 Qd7 35. Qc2 Ne7 36. Qe2 Qg4 37. Kf1 Qxe2+ 38. Kxe2 Rcd8 39. f3 Rd6 40. Bf2 g6 41. e4 dxe4 42. fxe4 Kg7 43. Kf3 Kf7 44. Rd1 Red8 45. Rd3 f5 46. e5 Rd5 47. Rdc3 Rxc5 48. Rxc5 g5 49. h3 Rd5 50. Be3 f4 51. Bf2 Rxc5 52. dxc5 Ke6 53. Ke4 Nd5 54. Be1 Ne7 55. h4 gxh4 56. Kxf4 Ng6+ 57. Ke4 Nxe5 58. Bxh4 Ng6 59. Bg3 Ne7 60. Be1 Nd5 61. Bd2 Kf6 62. Be1 Ke6 63. Bd2 Kf6 64. Be1 Ke6 1/2-1/2

[Event "BCF-chT4S 1819 (4NCL)"]
[Site "England"]
[Date "2019.01.13"]
[Round "4.172"]
[White "Stoica, Savas Marin"]
[Black "Clarke, James"]
[Result "1/2-1/2"]
[WhiteElo "1637"]
[BlackElo "1675"]
[PlyCount "43"]
[EventDate "2018.11.17"]
[EventType "team-swiss"]
[EventRounds "11"]
[EventCountry "ENG"]
[SourceTitle "EXT 2021"]
[Source "ChessBase"]
[SourceDate "2020.10.23"]
[SourceVersion "1"]
[SourceVersionDate "2020.10.23"]
[SourceQuality "1"]
[WhiteTeam "Barnet Knights III"]
[BlackTeam "Camberley Juniors"]
[WhiteTeamCountry "ENG"]
[BlackTeamCountry "ENG"]

1. e4 c5 2. Nf3 e6 3. d4 cxd4 4. Nxd4 a6 5. c4 Qc7 6. Bd3 Bc5 7. Nb3 Be7 8. 0-0 Nf6 9. Nc3 d6 10. Qe2 Nbd7 11. f4 b6 12. Bd2 Bb7 13. Rae1 0-0 14. e5 Ne8 15. Be4 Bxe4 16. Qxe4 Rc8 17. Rf3 Qxc4 18. Qb1 f5 19. Ne4 Qc2 20. Qxc2 Rxc2 21. exd6 Bh4 22. Nf2 1/2-1/2

[Event "BCF-chT4S 1819 (4NCL)"]
[Site "England"]
[Date "2019.01.12"]
[Round "3.132"]
[White "Clarke, James"]
[Black "Michaud, Gerald"]
[Result "0-1"]
[WhiteElo "1675"]
[BlackElo "1900"]
[PlyCount "88"]
[EventDate "2018.11.17"]
[EventType "team-swiss"]
[EventRounds "11"]
[EventCountry "ENG"]
[SourceTitle "EXT 2021"]
[Source "ChessBase"]
[SourceDate "2020.10.23"]
[SourceVersion "1"]
[SourceVersionDate "2020.10.23"]
[SourceQuality "1"]
[WhiteTeam "Camberley Juniors"]
[BlackTeam "Sussex Martlets III"]
[WhiteTeamCountry "ENG"]
[BlackTeamCountry "ENG"]

1. d4 e6 2. c4 Nf6 3. Nc3 Bb4 4. Qc2 0-0 5. Nf3 d6 6. a3 Bxc3+ 7. Qxc3 Nbd7 8. Bg5 Qe8 9. Qc2 b6 10. e4 e5 11. d5 h6 12. Bh4 g5 13. Bg3 Nh5 14. Nd2 Nf4 15. f3 a5 16. Bf2 Nc5 17. h4 g4 18. h5 f5 19. 0-0-0 Kg7 20. g3 Nxh5 21. fxg4 fxg4 22. Be3 Rh8 23. Bf2 Bd7 24. Be2 Qg6 25. Rdf1 Nf6 26. Be1 Nfxe4 27. Bd3 Nxd3+ 28. Qxd3 Nxd2 29. Qxd2 Raf8 30. Rf2 Rxf2 31. Bxf2 Qe4 32. Re1 Qxc4+ 33. Kb1 Bf5+ 34. Ka1 Rf8 35. Rc1 Qd3 36. Rxc7+ Rf7 37. Qc1 Qxd5 38. Bxb6 Be6 39. Rxf7+ Bxf7 40. Qb1 a4 41. Be3 Qb3 42. Bxh6+ Kxh6 43. Qc1+ Kg6 44. Qb1+ Kg7 0-1